Normal view
MARC view
Entry Topical Term
001 - CONTROL NUMBER
- control field: 6477
003 - CONTROL NUMBER IDENTIFIER
- control field: BD-RjUL
005 - DATE AND TIME OF LATEST TRANSACTION
- control field: 20230108112646.0
008 - FIXED-LENGTH DATA ELEMENTS
- fixed length control field: 230108|| aca||aabn | a|a d
040 ## - CATALOGING SOURCE
- Original cataloging agency: BD-RjUL
- Transcribing agency: BD-RjUL
150 ## - HEADING--TOPICAL TERM
- Topical term or geographic name entry element: Drug abuse
- Form subdivision: Social problems of and services to groups of people
670 ## - SOURCE DATA FOUND
- Source citation: Work cat.: (BD-RjUL)81031: Raihan, Md. Sharif 6476, Manifest anxiety and happiness of the drug addicts In Bangladesh /, 2013